[Event "Icebreaker op"]
[Site "Winnipeg CAN"]
[Date "2002.04.21"]
[Round "4.7"]
[White "Shome, Devarshi"]
[Black "Gannon, Keith"]
[Result "1-0"]
[WhiteElo "1434"]
[BlackElo "1558"]
[PlyCount "129"]
[EventDate "2002.04.19"]
[EventType "swiss"]
[EventRounds "5"]
[EventCountry "CAN"]

1. e4 e5 2. f4 d6 3. Nf3 Nc6 4. Bb5 Bd7 5. O-O f6 6. fxe5 Nxe5 7. Nxe5 dxe5 8.
Bxd7+ Qxd7 9. d3 Bc5+ 10. Kh1 Ne7 11. Nd2 O-O-O 12. Qe2 Nc6 13. Nb3 Be7 14. Be3
Nd4 15. Nxd4 exd4 16. Bf4 g5 17. Bg3 h5 18. h3 Rdf8 19. Rac1 h4 20. Bh2 Bd6 21.
Bxd6 Qxd6 22. Qg4+ Kd8 23. Rf5 c6 24. e5 fxe5 25. Qxg5+ Kc8 26. Rxf8+ Qxf8 27.
Qxe5 c5 28. c3 dxc3 29. Qxc3 b6 30. d4 Rh7 31. dxc5 Rc7 32. Qf3 Qxf3 33. gxf3
bxc5 34. Rc4 Kd7 35. Rxh4 Kd6 36. Re4 c4 37. Kg2 c3 38. bxc3 Rxc3 39. Ra4 Rc2+
40. Kg3 Rc7 41. f4 Rg7+ 42. Kf3 Rh7 43. h4 Rxh4 44. Rxa7 Rh3+ 45. Ke4 Rh2 46.
Kf5 Rh5+ 47. Kg6 Rh2 48. f5 Rg2+ 49. Kf6 Kd5 50. Rd7+ Kc6 51. Ra7 Kb6 52. Ra3
Kc5 53. Ke7 Rg7+ 54. Kf6 Rg2 55. Kf7 Kd5 56. f6 Kd6 57. Kf8 Kd7 58. f7 Rg4 59.
Ra7+ Kd8 60. a4 Rg2 61. a5 Rg5 62. a6 Rg4 63. Rb7 Kc8 64. Ke8 Re4+ 65. Re7 1-0

[Event "Icebreaker op"]
[Site "Winnipeg CAN"]
[Date "2002.04.21"]
[Round "4.8"]
[White "Verch, Graham"]
[Black "Hou, Jeff"]
[Result "0-1"]
[WhiteElo "1418"]
[BlackElo "1361"]
[PlyCount "82"]
[EventDate "2002.04.19"]
[EventType "swiss"]
[EventRounds "5"]
[EventCountry "CAN"]

1. e4 e5 2. Nf3 Nc6 3. Bc4 Bc5 4. c3 Nf6 5. d4 exd4 6. cxd4 Bb4+ 7. Nc3 Nxe4 8.
O-O Nxc3 9. bxc3 Bxc3 10. Qb3 Bxa1 11. Bxf7+ Kf8 12. Re1 Nxd4 13. Nxd4 Bxd4 14.
Re8+ Qxe8 15. Bxe8 Kxe8 16. Qc4 c5 17. Qe2+ Kf7 18. Qf3+ Ke8 19. Qe4+ Kd8 20.
Bg5+ Kc7 21. Bf4+ Kb6 22. Qe7 Ka6 23. Qe2+ Kb6 24. Qc4 Re8 25. Qb3+ Kc6 26. Kf1
d5 27. a4 Kd7 28. Qxd5+ Ke7 29. Bd6+ Kf6 30. h4 h6 31. Qf3+ Ke6 32. Qe4+ Kf7
33. Qf4+ Kg8 34. Qf3 b6 35. Kg1 Be6 36. Qb7 c4 37. Bb4 c3 38. Ba3 c2 39. Bc1
Be5 40. g3 Rad8 41. Kh2 Rd1 0-1

[Event "Icebreaker op"]
[Site "Winnipeg CAN"]
[Date "2002.04.21"]
[Round "5.1"]
[White "Kaptsan, Aron"]
[Black "Schulz, Waldemar"]
[Result "1-0"]
[WhiteElo "2105"]
[BlackElo "2094"]
[PlyCount "85"]
[EventDate "2002.04.19"]
[EventType "swiss"]
[EventRounds "5"]
[EventCountry "CAN"]

1. Nf3 d5 2. g3 Nf6 3. Bg2 c6 4. b3 Nbd7 5. Bb2 Qc7 6. d4 e6 7. O-O Be7 8. Nbd2
O-O 9. c4 b5 10. Qc2 bxc4 11. bxc4 Ba6 12. Rfc1 Rfc8 13. e4 dxc4 14. e5 Nd5 15.
Nxc4 Rab8 16. Bf1 Nb4 17. Qd2 Bxc4 18. Bxc4 Rb6 19. Bc3 c5 20. d5 exd5 21. Bxd5
Nxd5 22. Qxd5 Qb7 23. Rd1 Nf8 24. Qxb7 Rxb7 25. Nd2 Rd8 26. Nc4 Rxd1+ 27. Rxd1
f6 28. f4 fxe5 29. fxe5 Ne6 30. Kf2 Nd4 31. Ke3 Nb5 32. Rb1 Nd6 33. Rxb7 Nxb7
34. Ke4 Kf7 35. Kd5 g6 36. e6+ Ke8 37. Be5 Nd8 38. Bc7 Nb7 39. Bb8 a6 40. Bc7
Nd8 41. a4 Nb7 42. Kc6 Nd8+ 43. Bxd8 1-0

[Event "Icebreaker op"]
[Site "Winnipeg CAN"]
[Date "2002.04.21"]
[Round "5.2"]
[White "Vincent, Trevor"]
[Black "Lipnowski, Samuel"]
[Result "1-0"]
[WhiteElo "1858"]
[BlackElo "2034"]
[PlyCount "47"]
[EventDate "2002.04.19"]
[EventType "swiss"]
[EventRounds "5"]
[EventCountry "CAN"]

1. c4 e5 2. g3 d6 3. Bg2 g6 4. d3 Bg7 5. Nf3 Nc6 6. Nc3 h6 7. e4 Be6 8. O-O Qd7
9. Rb1 Nf6 10. Re1 O-O-O 11. b4 Kb8 12. a4 Bh3 13. Bh1 Ng4 14. b5 Ne7 15. a5 f6
16. Na4 Ka8 17. Ba3 h5 18. c5 d5 19. c6 bxc6 20. Nc5 Qe8 21. b6 a6 22. Nxa6 Rd7
23. b7+ Ka7 24. b8=Q+ 1-0

[Event "Icebreaker op"]
[Site "Winnipeg CAN"]
[Date "2002.04.21"]
[Round "5.3"]
[White "Harding, Mike"]
[Black "Mu, Yuchen"]
[Result "0-1"]
[WhiteElo "1839"]
[BlackElo "1816"]
[PlyCount "55"]
[EventDate "2002.04.19"]
[EventType "swiss"]
[EventRounds "5"]
[EventCountry "CAN"]

1. e4 c5 2. Nf3 d6 3. d4 cxd4 4. Nxd4 Nf6 5. Nc3 g6 6. f3 Bg7 7. Be3 O-O 8. Bc4
Nc6 9. Qd2 Bd7 10. O-O-O Rc8 11. Bb3 Ne5 12. h4 Nc4 13. Bxc4 Rxc4 14. h5 Nxh5
15. Rxh5 gxh5 16. Rh1 Qa5 17. Kb1 Rfc8 18. Nb3 Qb4 19. Nd5 Qxd2 20. Nxd2 Rxc2
21. Nxe7+ Kh8 22. Nxc8 Rxb2+ 23. Kc1 Bxc8 24. Rxh5 Rxa2 25. Rd5 Ra6 26. Bxa7
Be6 27. Rd3 Rxa7 28. Rxd6 0-1

[Event "Icebreaker op"]
[Site "Winnipeg CAN"]
[Date "2002.04.21"]
[Round "5.4"]
[White "Czarny, Keith"]
[Black "Strub, Michael"]
[Result "1/2-1/2"]
[WhiteElo "1710"]
[BlackElo "1785"]
[PlyCount "104"]
[EventDate "2002.04.19"]
[EventType "swiss"]
[EventRounds "5"]
[EventCountry "CAN"]

1. c4 b6 2. Nc3 Bb7 3. Nf3 Nf6 4. d4 e6 5. a3 Be7 6. g3 Bxf3 7. exf3 d5 8. Bg2
c6 9. O-O Nbd7 10. Re1 O-O 11. Bg5 h6 12. Bd2 Rc8 13. Qe2 Re8 14. f4 Nb8 15.
Rac1 c5 16. cxd5 cxd4 17. dxe6 dxc3 18. exf7+ Kxf7 19. Qe6+ Kf8 20. Bxc3 Bxa3
21. Qb3 Rxe1+ 22. Rxe1 Bc5 23. Qa4 Qd7 24. Qc2 Re8 25. Rd1 Qe7 26. Bf3 Nbd7 27.
g4 Kg8 28. g5 hxg5 29. fxg5 Nh7 30. Kh1 Nxg5 31. Bd5+ Ne6 32. Rg1 Nf6 33. Ba2
Kh8 34. Bb1 Qb7+ 35. Rg2 Nf4 36. f3 Nxg2 37. Qxg2 Bd4 38. Qh3+ Kg8 39. Ba2+ Nd5
40. Bxd4 Re1+ 41. Bg1 Qf7 42. Qc8+ Re8 43. Qg4 Kf8 44. Bd4 Re1+ 45. Kg2 Ne3+
46. Bxe3 Re2+ 47. Kg3 Qxa2 48. Qc8+ Kf7 49. Qc7+ Ke8 50. Qc8+ Ke7 51. Qc7+ Ke8
52. Qc8+ Ke7 1/2-1/2

[Event "Icebreaker op"]
[Site "Winnipeg CAN"]
[Date "2002.04.21"]
[Round "5.5"]
[White "Proulx, Roy"]
[Black "Sapina, Hrvoje"]
[Result "1-0"]
[WhiteElo "1683"]
[BlackElo "1649"]
[PlyCount "25"]
[EventDate "2002.04.19"]
[EventType "swiss"]
[EventRounds "5"]
[EventCountry "CAN"]

1. e4 e5 2. Nf3 Nc6 3. Bc4 Nf6 4. O-O Bc5 5. c3 d5 6. exd5 Nxd5 7. Qb3 Nf4 8.
d4 Nh3+ 9. gxh3 Bxh3 10. Bxf7+ Kf8 11. dxc5 Qf6 12. Ng5 h6 13. Nxh3 1-0

[Event "Icebreaker op"]
[Site "Winnipeg CAN"]
[Date "2002.04.21"]
[Round "5.8"]
[White "Gannon, Keith"]
[Black "Gibbons, Lorne"]
[Result "1-0"]
[WhiteElo "1558"]
[BlackElo "1244"]
[PlyCount "55"]
[EventDate "2002.04.19"]
[EventType "swiss"]
[EventRounds "5"]
[EventCountry "CAN"]

1. e4 g6 2. d4 Bg7 3. Nf3 d6 4. Be2 f5 5. exf5 Bxf5 6. O-O e6 7. Bg5 Bf6 8.
Bxf6 Nxf6 9. Re1 h6 10. Nc3 c6 11. Nh4 h5 12. Nxf5 gxf5 13. Bf3 Qe7 14. d5 cxd5
15. Nxd5 Nxd5 16. Bxd5 e5 17. Qe2 Nc6 18. Qb5 Qc7 19. c4 a6 20. Bxc6+ bxc6 21.
Qb3 Qf7 22. Qd3 Qe6 23. Rad1 O-O-O 24. b4 Kb7 25. a4 e4 26. Qc3 d5 27. cxd5
Rxd5 28. Qxh8 1-0

[Event "Icebreaker op"]
[Site "Winnipeg CAN"]
[Date "2002.04.21"]
[Round "5.9"]
[White "Trueman, Francis"]
[Black "Verch, Graham"]
[Result "1/2-1/2"]
[WhiteElo "1485"]
[BlackElo "1418"]
[PlyCount "120"]
[EventDate "2002.04.19"]
[EventType "swiss"]
[EventRounds "5"]
[EventCountry "CAN"]

1. Nf3 d5 2. d3 Nf6 3. Nbd2 Bf5 4. g3 Nc6 5. Bg2 e5 6. O-O Bc5 7. Nb3 Be7 8. h4
Qd7 9. Bg5 O-O-O 10. Qe1 h6 11. Bxf6 gxf6 12. e4 dxe4 13. dxe4 Bh3 14. a4 Bxg2
15. Kxg2 f5 16. Rd1 Qe6 17. exf5 Qxf5 18. Qe2 Rhg8 19. Qc4 f6 20. a5 a6 21. Nc5
Bxc5 22. Qxc5 Rd7 23. b4 Rgd8 24. Rxd7 Qxd7 25. b5 axb5 26. Qxb5 Qd5 27. Qa4 e4
28. Ne1 Nxa5 29. Kh3 Nc6 30. Ng2 Qf5+ 31. Kh2 Qe5 32. Qa8+ Kd7 33. Rd1+ Ke8 34.
Rxd8+ Nxd8 35. Ne3 Qc5 36. c4 Kd7 37. Nd5 Qxc4 38. Nxf6+ Ke7 39. Ng4 Qe6 40.
Qa3+ Kd7 41. Qa4+ c6 42. Qd4+ Kc8 43. Nf6 b5 44. Nxe4 Qd5 45. Nd6+ Kd7 46. Qxd5
cxd5 47. Nxb5 Kc6 48. Nd4+ Kc5 49. Nf3 Ne6 50. Kg1 Nd4 51. Ne5 Nf5 52. Kf1 d4
53. Ke2 Kd5 54. Nd3 Ke4 55. h5 Kd5 56. g4 Nh4 57. f4 Ke4 58. g5 Nf5 59. Nf2+
Kxf4 60. gxh6 Nxh6 1/2-1/2

[Event "Jack Taylor mem"]
[Site "Victoria CAN"]
[Date "2002.11.23"]
[Round "1"]
[White "Coertze, Tim"]
[Black "Ferguson, Jim"]
[Result "1-0"]
[WhiteElo "1574"]
[BlackElo "2205"]
[PlyCount "61"]
[EventDate "2002.11.23"]
[EventType "swiss"]
[EventRounds "5"]
[EventCountry "CAN"]

1. Nf3 Nf6 2. d4 g6 3. Bf4 Bg7 4. e3 O-O 5. Bd3 d6 6. c4 Nc6 7. O-O Nh5 8. Bc2
Nxf4 9. exf4 Bg4 10. h3 Bxf3 11. Qxf3 Nxd4 12. Qd3 c5 13. Nc3 a6 14. h4 Rb8 15.
Rad1 e5 16. fxe5 Qxh4 17. exd6 Be5 18. g3 Qg4 19. Kg2 Nxc2 20. Qxc2 Qxc4 21. d7
Rbd8 22. Rfe1 Bd4 23. Re7 b5 24. Qe4 b4 25. Nd5 Qb5 26. Rxd4 cxd4 27. Nf6+ Kg7
28. Qxd4 Qc6+ 29. Nd5+ Kg8 30. Kh2 f5 31. Qg7# 1-0

[Event "Jack Taylor mem"]
[Site "Victoria CAN"]
[Date "2002.11.23"]
[Round "1"]
[White "Martinson, Rick"]
[Black "Gansvind, Valeriya"]
[Result "1/2-1/2"]
[WhiteElo "1787"]
[BlackElo "2314"]
[PlyCount "92"]
[EventDate "2002.11.23"]
[EventType "swiss"]
[EventRounds "5"]
[EventCountry "CAN"]

1. d4 Nf6 2. c4 e5 3. dxe5 Ng4 4. Nf3 Nc6 5. Bf4 Bb4+ 6. Nbd2 Qe7 7. e3 Ngxe5
8. Nxe5 Nxe5 9. a3 Bxd2+ 10. Qxd2 d6 11. Be2 O-O 12. O-O b6 13. Rac1 Bb7 14. f3
f5 15. Rf2 Rae8 16. Bd1 Ng6 17. Ba4 Rd8 18. Qc3 Nxf4 19. exf4 Rf6 20. Kf1 Re6
21. Re1 Rxe1+ 22. Qxe1 Qxe1+ 23. Kxe1 Kf8 24. b4 c5 25. Rc2 g6 26. Kd2 Ke7 27.
Rc3 a5 28. Re3+ Kf6 29. bxa5 bxa5 30. Bb3 Bc6 31. Kc3 Re8 32. Rxe8 Bxe8 33. h4
Bc6 34. Ba2 h6 35. Kd3 Ba4 36. Ke3 Ke6 37. Kd3 Bc6 38. Ke3 h5 39. Kd3 d5 40.
Bb3 Kd6 41. Kc3 dxc4 42. Bxc4 Bd5 43. Bb5 Bf7 44. Kd3 Kc7 45. Kc3 Kb6 46. Bd7
Kc7 1/2-1/2

[Event "Jack Taylor mem"]
[Site "Victoria CAN"]
[Date "2002.11.23"]
[Round "2"]
[White "Chan, James"]
[Black "Moore, Harry"]
[Result "0-1"]
[WhiteElo "1946"]
[BlackElo "2284"]
[PlyCount "70"]
[EventDate "2002.11.23"]
[EventType "swiss"]
[EventRounds "5"]
[EventCountry "CAN"]

1. d4 Nf6 2. c4 g6 3. Nc3 d5 4. cxd5 Nxd5 5. e4 Nxc3 6. bxc3 c5 7. Be3 Bg7 8.
Qd2 O-O 9. Nf3 Qa5 10. Be2 Nc6 11. O-O cxd4 12. Nxd4 Rd8 13. Nxc6 Rxd2 14. Nxa5
Rxe2 15. Rab1 b6 16. Nc6 e6 17. Rfd1 Bb7 18. Nxa7 Bxe4 19. Rxb6 Rxe3 20. fxe3
Bh6 21. Ra6 Bxe3+ 22. Kf1 Bd5 23. Ra4 Rxa7 24. Rxa7 Bxa7 25. Rd2 Kg7 26. g3
Bc4+ 27. Ke1 e5 28. a4 e4 29. a5 Bg1 30. Rg2 Be3 31. Rb2 Bc5 32. Kd1 h5 33. Ke1
h4 34. Kd1 h3 35. Ke1 Bg1 0-1

[Event "Jack Taylor mem"]
[Site "Victoria CAN"]
[Date "2002.11.23"]
[Round "2"]
[White "Lee, Jason"]
[Black "Beaudin, Jesse"]
[Result "1-0"]
[WhiteElo "1881"]
[BlackElo "1688"]
[PlyCount "115"]
[EventDate "2002.11.23"]
[EventType "swiss"]
[EventRounds "5"]
[EventCountry "CAN"]

1. d4 c5 2. d5 e6 3. c4 exd5 4. cxd5 d6 5. Nc3 g6 6. e4 Bg7 7. f4 Nd7 8. Qa4
Ne7 9. Nf3 O-O 10. Bd3 Nb6 11. Qd1 f5 12. O-O fxe4 13. Bxe4 Bf5 14. Ng5 Bd4+
15. Kh1 Bd7 16. Ne2 Bg7 17. Rb1 h6 18. Nf3 Bf5 19. Qd3 Nexd5 20. Bxd5+ Kh8 21.
Be4 Be6 22. b3 c4 23. Qd2 d5 24. Bxg6 Rf6 25. Ne5 Kg8 26. f5 Qd6 27. Bb2 Raf8
28. Nd4 Qxe5 29. Nxe6 Qxe6 30. Bxf6 Qxf6 31. bxc4 dxc4 32. Rbe1 c3 33. Qc2 Qg5
34. Re8 Rxe8 35. Bxe8 Qd2 36. Qb3+ Qd5 37. f6 Qxb3 38. axb3 Bf8 39. Rf3 Bb4 40.
Bg6 Nd7 41. Rf4 a5 42. h4 Nc5 43. f7+ Kf8 44. h5 Nxb3 45. Re4 Be7 46. Rc4 Nc5
47. Rxc3 b5 48. Kg1 b4 49. Rxc5 b3 50. Kf2 a4 51. Ke2 a3 52. Rc8+ Kg7 53. Rg8+
Kf6 54. f8=Q+ Bxf8 55. Rxf8+ Ke6 56. Ra8 a2 57. Bh7 b2 58. Rxa2 1-0

[Event "Jack Taylor mem"]
[Site "Victoria CAN"]
[Date "2002.11.23"]
[Round "2"]
[White "Moore, David"]
[Black "Yoos, John"]
[Result "0-1"]
[WhiteElo "2004"]
[BlackElo "2419"]
[PlyCount "54"]
[EventDate "2002.11.23"]
[EventType "swiss"]
[EventRounds "5"]
[EventCountry "CAN"]

1. e4 c5 2. Nf3 Nc6 3. d4 cxd4 4. Nxd4 Nf6 5. Nc3 d6 6. Be2 e6 7. Be3 Be7 8.
Qd2 O-O 9. O-O-O a6 10. g4 Nxd4 11. Bxd4 e5 12. Be3 Nxg4 13. Bxg4 Bxg4 14. Rdf1
Be6 15. Rhg1 Kh8 16. f4 exf4 17. Bxf4 Rg8 18. Nd5 Bxd5 19. Qxd5 Rc8 20. Qxf7
Bf6 21. Bg3 Qe8 22. Qd5 Qa4 23. Rg2 Qb4 24. Qb3 Qxe4 25. Rd2 Rge8 26. Bf4 d5
27. Bg3 Bg5 0-1

[Event "Jack Taylor mem"]
[Site "Victoria CAN"]
[Date "2002.11.23"]
[Round "3"]
[White "Chan, James"]
[Black "Coertze, Tim"]
[Result "1-0"]
[WhiteElo "1946"]
[BlackElo "1574"]
[PlyCount "86"]
[EventDate "2002.11.23"]
[EventType "swiss"]
[EventRounds "5"]
[EventCountry "CAN"]

1. d4 d5 2. c4 Bf5 3. Nc3 e6 4. Qb3 Nf6 5. Bf4 Bd6 6. Bxd6 cxd6 7. e3 O-O 8.
Nf3 Re8 9. cxd5 Qa5 10. Bb5 Re7 11. O-O Nbd7 12. Nd2 a6 13. Be2 b5 14. a3 Rb8
15. e4 Bg6 16. dxe6 fxe6 17. Qb4 Qb6 18. e5 Nd5 19. Qxd6 Qxd6 20. exd6 Nxc3 21.
bxc3 Rf7 22. Bf3 Rb6 23. d5 e5 24. c4 Bd3 25. Rfc1 bxc4 26. Nxc4 Bxc4 27. Rxc4
Rxd6 28. Bg4 Rxd5 29. Be6 Rd2 30. Rc7 Kf8 31. Bxf7 Kxf7 32. Kf1 a5 33. Ke1 Rd5
34. Rd1 Rxd1+ 35. Kxd1 Ke6 36. Ra7 a4 37. Rxa4 Nc5 38. Ra7 Kf6 39. a4 h5 40. a5
Nd3 41. Ke2 Nf4+ 42. Kf1 g5 43. a6 Ne6 1-0

[Event "Jack Taylor mem"]
[Site "Victoria CAN"]
[Date "2002.11.23"]
[Round "3"]
[White "Gansvind, Valeriya"]
[Black "Moore, David"]
[Result "1-0"]
[WhiteElo "2314"]
[BlackElo "2004"]
[PlyCount "57"]
[EventDate "2002.11.23"]
[EventType "swiss"]
[EventRounds "5"]
[EventCountry "CAN"]

1. d4 Nf6 2. Bg5 d5 3. e3 e6 4. Bd3 Be7 5. Nd2 Nbd7 6. Ngf3 c5 7. c3 h6 8. Bh4
O-O 9. O-O Qc7 10. Qe2 Re8 11. Rfd1 c4 12. Bc2 Bd6 13. e4 e5 14. dxe5 Nxe5 15.
Bxf6 gxf6 16. h3 Ng6 17. Qf1 Nf4 18. exd5 Kh8 19. Qxc4 Qd7 20. Ba4 Nxh3+ 21.
Kf1 Qf5 22. Bxe8 Nf4 23. Ne4 Qg6 24. Ng3 Bg4 25. Rd4 Bxf3 26. gxf3 Rxe8 27.
Rxf4 Bxf4 28. Qxf4 Qd3+ 29. Kg2 1-0

[Event "Jack Taylor mem"]
[Site "Victoria CAN"]
[Date "2002.11.23"]
[Round "3"]
[White "Yoos, John"]
[Black "Stanford, Mike"]
[Result "1/2-1/2"]
[WhiteElo "2419"]
[BlackElo "2204"]
[PlyCount "55"]
[EventDate "2002.11.23"]
[EventType "swiss"]
[EventRounds "5"]
[EventCountry "CAN"]

1. e4 c5 2. Nf3 e6 3. d4 cxd4 4. Nxd4 a6 5. Bd3 Qc7 6. Qe2 Bc5 7. Nb3 Be7 8.
Nc3 d6 9. f4 Nd7 10. Bd2 b5 11. a4 b4 12. Nd1 a5 13. Nd4 Bb7 14. Nf2 Ngf6 15.
Nb5 Qb8 16. O-O e5 17. Ng4 Bc6 18. Rae1 Nc5 19. fxe5 dxe5 20. Nxe5 Qxe5 21. Bf4
Qh5 22. Nc7+ Kd8 23. Qd2 Kc8 24. e5 Nfe4 25. Qe3 Kb7 26. Bb5 Bxb5 27. axb5 Rad8
28. Kh1 1/2-1/2

[Event "Jack Taylor mem"]
[Site "Victoria CAN"]
[Date "2002.11.24"]
[Round "4"]
[White "Moore, Harry"]
[Black "Yoos, John"]
[Result "0-1"]
[WhiteElo "2284"]
[BlackElo "2419"]
[PlyCount "104"]
[EventDate "2002.11.23"]
[EventType "swiss"]
[EventRounds "5"]
[EventCountry "CAN"]

1. d4 d5 2. c4 Nc6 3. Nc3 e6 4. Nf3 Bb4 5. e3 Nf6 6. Bd3 O-O 7. O-O dxc4 8.
Bxc4 Bd6 9. e4 e5 10. d5 Ne7 11. Qb3 Ng6 12. Re1 a6 13. Bf1 Qe7 14. Nd2 Bc5 15.
Nc4 b5 16. Ne3 b4 17. Na4 Nxe4 18. Nxc5 Qxc5 19. f3 Nd6 20. Bd2 a5 21. Rac1 Qd4
22. Red1 Qa7 23. Kh1 Bd7 24. Qc2 Rac8 25. Qc5 Qa8 26. Nc4 Nxc4 27. Bxc4 Kh8 28.
a3 bxa3 29. bxa3 a4 30. Ba5 c6 31. d6 Rb8 32. Bb4 f6 33. Bd3 Nf4 34. Bb1 Rbe8
35. Rc4 Ne6 36. Qf2 g6 37. Qh4 Kg8 38. Qh6 Rf7 39. Rh4 Rg7 40. Ba2 Qa6 41. Bc4
Qa7 42. f4 Kh8 43. fxe5 fxe5 44. Bxe6 Bxe6 45. Re4 Bd5 46. Re3 Rf7 47. Bc3 Kg8
48. Rg3 Ref8 49. h4 Rf1+ 50. Kh2 Qg1+ 51. Kh3 Qh1+ 52. Kg4 Be6+ 0-1

[Event "Jack Taylor mem"]
[Site "Victoria CAN"]
[Date "2002.11.24"]
[Round "5"]
[White "Coertze, Tim"]
[Black "Beaudin, Jesse"]
[Result "0-1"]
[WhiteElo "1574"]
[BlackElo "1688"]
[PlyCount "58"]
[EventDate "2002.11.23"]
[EventType "swiss"]
[EventRounds "5"]
[EventCountry "CAN"]

1. Nf3 d5 2. d4 e6 3. Bf4 c5 4. e3 cxd4 5. Nxd4 Nd7 6. Bb5 a6 7. Bxd7+ Bxd7 8.
O-O Nf6 9. Nd2 Be7 10. N2f3 O-O 11. Qd3 Nh5 12. Rfe1 Nxf4 13. exf4 Bf6 14. Ne5
Rc8 15. Re3 g6 16. g4 Bb5 17. Nxb5 axb5 18. Rae1 d4 19. Rh3 Qa5 20. Re4 Qc7 21.
g5 Bg7 22. Ng4 Qxc2 23. Qf3 Qb1+ 24. Kg2 Rc1 25. Rxh7 Rg1+ 26. Kh3 Qf1+ 27. Kh4
Kxh7 28. Nf6+ Bxf6 29. gxf6 Rh8 0-1

[Event "Jack Taylor mem"]
[Site "Victoria CAN"]
[Date "2002.11.24"]
[Round "5"]
[White "Lee, Jason"]
[Black "Moore, Harry"]
[Result "0-1"]
[WhiteElo "1881"]
[BlackElo "2284"]
[PlyCount "100"]
[EventDate "2002.11.23"]
[EventType "swiss"]
[EventRounds "5"]
[EventCountry "CAN"]

1. d4 Nf6 2. c4 c5 3. d5 b5 4. cxb5 a6 5. Nc3 axb5 6. e4 b4 7. Nb5 d6 8. Qc2
Ba6 9. a4 Nbd7 10. b3 g6 11. f4 Bg7 12. Bb2 O-O 13. Nf3 c4 14. Bxc4 Nc5 15. Nd2
e6 16. O-O exd5 17. Bxd5 Nxd5 18. exd5 Bxb2 19. Qxb2 Bxb5 20. axb5 Qb6 21. Nc4
Qxb5 22. Rxa8 Rxa8 23. f5 Ne4 24. Qd4 Qc5 25. Qxc5 Nxc5 26. fxg6 fxg6 27. Rf3
Ra1+ 28. Kf2 Ra2+ 29. Kf1 Ne4 30. Rf4 Ra1+ 31. Ke2 Nc3+ 32. Kf2 Rb1 33. Nxd6
Rxb3 34. Rd4 Rb2+ 35. Kf3 Ne2 36. Rd1 Nc3 37. Rd3 Rb1 38. Nc4 Rd1 39. Rxd1 Nxd1
40. d6 Kf7 41. Ke2 Nc3+ 42. Kd3 Ke6 43. Ne3 Kxd6 44. Kc4 Ke5 45. Kxb4 Kf4 46.
Nf1 Nd5+ 47. Kc5 Ne3 48. Ng3 Nxg2 49. Kd4 Nh4 50. Kd3 Nf3 0-1

[Event "Jack Taylor mem"]
[Site "Victoria CAN"]
[Date "2002.11.24"]
[Round "5"]
[White "Yoos, John"]
[Black "Gansvind, Valeriya"]
[Result "1-0"]
[WhiteElo "2419"]
[BlackElo "2314"]
[PlyCount "111"]
[EventDate "2002.11.23"]
[EventType "swiss"]
[EventRounds "5"]
[EventCountry "CAN"]

1. e4 g6 2. d4 Bg7 3. Nc3 d6 4. Be3 c6 5. Nf3 b5 6. Bd3 a6 7. Qd2 Nd7 8. a4 Bb7
9. O-O h6 10. Ne2 Qc7 11. h3 Ngf6 12. Ng3 Kf8 13. c3 Kg8 14. Nh4 e5 15. axb5
cxb5 16. Rae1 Qd8 17. Nf3 Rc8 18. Qe2 Qe7 19. Bc1 Kh7 20. h4 Rhe8 21. h5 Nf8
22. hxg6+ fxg6 23. Qd1 N6d7 24. Bb1 Ne6 25. d5 Nef8 26. Be3 Rc7 27. Nd2 Bc8 28.
Bd3 Nc5 29. Be2 Nfd7 30. Qb1 Rf8 31. Rc1 Bf6 32. b4 Na4 33. c4 Bg5 34. Bxg5
Qxg5 35. Nf3 Qe7 36. cxb5 Nc3 37. Qb2 Nxe2+ 38. Qxe2 Rxc1 39. Rxc1 Nb8 40. bxa6
Bxa6 41. b5 Bb7 42. Qe3 Qd8 43. Nd2 Rf7 44. Ngf1 Nd7 45. Nc4 Nf6 46. f3 Ne8 47.
Qb6 Qxb6+ 48. Nxb6 Rc7 49. Ra1 Kg8 50. Ra7 Kf8 51. Ne3 Ke7 52. Nec4 Kf6 53. Kh2
Kg5 54. Na5 Bxd5 55. Rxc7 Nxc7 56. Nxd5 1-0

[Event "January TNT"]
[Site "Winnipeg CAN"]
[Date "2002.01.08"]
[Round "1"]
[White "Brandson, Doug"]
[Black "Khedkar, Jay"]
[Result "0-1"]
[WhiteElo "1547"]
[BlackElo "2064"]
[PlyCount "44"]
[EventDate "2002.01.08"]
[EventType "swiss"]
[EventRounds "4"]
[EventCountry "CAN"]

1. d4 Nf6 2. c4 g6 3. Nc3 d5 4. cxd5 Nxd5 5. e4 Nxc3 6. bxc3 Bg7 7. Bc4 c5 8.
Be3 O-O 9. Ne2 cxd4 10. cxd4 Nc6 11. O-O Na5 12. Rc1 Nxc4 13. Rxc4 b5 14. Rb4
Bd7 15. Qd2 Rc8 16. Rc1 Qa5 17. d5 Rxc1+ 18. Nxc1 Rc8 19. Ne2 Bc3 20. Nxc3 Qxb4
21. Bd4 Rc4 22. a3 Rxd4 0-1

[Event "January TNT"]
[Site "Winnipeg CAN"]
[Date "2002.01.08"]
[Round "1"]
[White "Curtis, Rory"]
[Black "Tetrault, Claude"]
[Result "1-0"]
[WhiteElo "1793"]
[BlackElo "1495"]
[PlyCount "91"]
[EventDate "2002.01.08"]
[EventType "swiss"]
[EventRounds "4"]
[EventCountry "CAN"]

1. d4 d5 2. c4 c5 3. cxd5 Qxd5 4. Nc3 Qd8 5. Nf3 cxd4 6. Qxd4 Qxd4 7. Nxd4 a6
8. Bf4 e6 9. e3 Nf6 10. Be2 Nbd7 11. Bg3 g6 12. O-O Bg7 13. Bd6 Nb6 14. Rfd1
Bd7 15. Rac1 Bf8 16. Be5 Bg7 17. Ne4 Nbd5 18. Nd6+ Ke7 19. Nxb7 Rhc8 20. Bd6+
Ke8 21. Nc5 Nc7 22. Bxc7 Rxc7 23. Nxa6 Rxc1 24. Rxc1 Nd5 25. b4 Rc8 26. Rxc8+
Bxc8 27. Bb5+ Bd7 28. Bxd7+ Kxd7 29. Kf1 Bxd4 30. exd4 Kc6 31. a4 Kb6 32. b5 e5
33. Nc5 exd4 34. Nd3 Nc3 35. Nb2 f5 36. Ke1 g5 37. f3 h6 38. Kd2 h5 39. Kd3 Kc5
40. b6 Kxb6 41. Kxd4 Ne2+ 42. Ke5 f4 43. Kf5 g4 44. fxg4 hxg4 45. Kxg4 f3 46.
Kxf3 1-0

[Event "January TNT"]
[Site "Winnipeg CAN"]
[Date "2002.01.08"]
[Round "1"]
[White "Schulz, Waldemar"]
[Black "Rutter, Blair"]
[Result "1-0"]
[WhiteElo "2034"]
[BlackElo "1506"]
[PlyCount "55"]
[EventDate "2002.01.08"]
[EventType "swiss"]
[EventRounds "4"]
[EventCountry "CAN"]

1. d4 d5 2. c4 c6 3. Nf3 Nf6 4. Nc3 Bf5 5. Bg5 Nbd7 6. e3 Qb6 7. Qb3 e6 8. c5
Qxb3 9. axb3 Ne4 10. Nxe4 Bxe4 11. b4 h6 12. Bh4 Be7 13. Bg3 h5 14. h4 Nf6 15.
b5 Ng4 16. Ng5 Bxg5 17. hxg5 g6 18. Kd2 Nxf2 19. Bxf2 Kd7 20. b4 e5 21. Bg3
exd4 22. exd4 Ke6 23. Be5 Rhe8 24. bxc6 bxc6 25. Ra6 Kd7 26. b5 Rxe5 27. dxe5
d4 28. b6 1-0

[Event "January TNT"]
[Site "Winnipeg CAN"]
[Date "2002.01.08"]
[Round "1"]
[White "Strick, Garry"]
[Black "Proulx, Roy"]
[Result "0-1"]
[WhiteElo "1401"]
[BlackElo "1700"]
[PlyCount "58"]
[EventDate "2002.01.08"]
[EventType "swiss"]
[EventRounds "4"]
[EventCountry "CAN"]

1. e3 d5 2. Nf3 Nf6 3. Be2 c5 4. Bb5+ Bd7 5. a4 a6 6. Bd3 Nc6 7. c4 Nb4 8. Qb3
e6 9. Na3 Bc6 10. Ne5 dxc4 11. Nxc6 Nxd3+ 12. Ke2 Nxc1+ 13. Raxc1 cxb3 14. Nxd8
Rxd8 15. Nc4 b5 16. axb5 axb5 17. Nb6 c4 18. f3 Bc5 19. h3 Bxb6 20. g4 h6 21.
Ra1 Nd5 22. Kf2 Nb4 23. Rhc1 Nd3+ 24. Kg2 Nxc1 25. Rxc1 Rxd2+ 26. Kf1 Bxe3 27.
Rc3 Bd4 28. Rc1 Bxb2 29. Ke1 Bxc1 0-1

[Event "January TNT"]
[Site "Winnipeg CAN"]
[Date "2002.01.08"]
[Round "1"]
[White "Wasney, Mark"]
[Black "Gibbons, Lorne"]
[Result "1-0"]
[WhiteElo "1611"]
[BlackElo "1289"]
[PlyCount "51"]
[EventDate "2002.01.08"]
[EventType "swiss"]
[EventRounds "4"]
[EventCountry "CAN"]

1. e4 e5 2. Nf3 Nc6 3. Bb5 Nge7 4. O-O d6 5. h3 a6 6. Ba4 b5 7. Bb3 h6 8. c3
Bb7 9. d4 exd4 10. cxd4 Na5 11. Bc2 d5 12. Re1 dxe4 13. Bxe4 Bxe4 14. Rxe4 f6
15. Bf4 g5 16. Bh2 Ra7 17. Qe2 c6 18. Nc3 Nc4 19. b3 Nd6 20. Re6 Ndf5 21. Rd1
Rd7 22. Qe4 Kf7 23. Rxf6+ Kxf6 24. Be5+ Kf7 25. Bxh8 c5 26. Ne5+ 1-0